LEADER 01063nam0-22003611i-450- 001 990001356990403321 010 $a0-582-24670-9 035 $a000135699 035 $aFED01000135699 035 $a(Aleph)000135699FED01 035 $a000135699 100 $a20000920d1994----km-y0itay50------ba 101 0 $aeng 200 1 $aCommon zeros of polynomials in several variables and higher dimensional quadrature$fYuan Xu 210 $aHarlow (UK)$cLongman$d1994 215 $a119 p.$d25 cm 225 1 $aPitman research notes in mathematics series$v312 610 0 $aAnalisi numerica 610 0 $aFunzioni speciali 610 0 $aFunzioni di piu variabili 676 $a515.624 700 1$aXu,$bYaun$0350936 801 0$aIT$bUNINA$gRICA$2UNIMARC 901 $aBK 912 $a990001356990403321 952 $aC-2-(312$b14576$fMA1 959 $aMA1 962 $a65D32 962 $a33C50 962 $a26C10 996 $aCommon zeros of polynomials in several variables and higher dimensional quadrature$9375780 997 $aUNINA DB $aING01 LEADER 00793nam0-22003011i-450 001 990001699350403321 005 20190529131332.0 035 $a000169935 035 $aFED01000169935 035 $a(Aleph)000169935FED01 035 $a000169935 100 $a20030910d1976----km-y0itay50------ba 101 0 $aspa 102 $aES 200 1 $a<>monedas de la ceca de Ebusus$fMarta Campo Diaz 210 $aBarcelona$cUniversidad$d1976 215 $a15 p.$d24 cm 610 0 $aNumismatica 610 0 $aIbiza 676 $a737 700 1$aCampo Díaz,$bMarta$0424471 801 0$aIT$bUNINA$gRICA$2UNIMARC 901 $aLG 912 $a990001699350403321 952 $a60 OP. 104/9$b45905$fFAGBC 959 $aFAGBC 996 $aMonedas de la ceca de Ebusus$9362052 997 $aUNINA LEADER 01048nam0 22002533i 450 001 SUN0129944 005 20200708071214.734 010 $a8-88-921-3066-1$d0.00 100 $a20200708d2019 |0itac50 ba 101 $aita 102 $aIT 105 $a|||| ||||| 200 1 $aL'*autonomia differenziata delle Regioni a statuto ordinario$etentativi di attuazione dell'art$h116$icomma 3, Cost. e limiti di sistema$fDimitri Girotto 210 $aTorino$cGiappichelli$d2019 215 $a198 p.$d24 cm. 606 $aRegioni$xAutonomia$xItalia$xDiritto costituzionale$2SG$3SUNC030722 620 $dTorino$3SUNL000001 700 1$aGirotto$b, Dimitri$3SUNV060427$0476285 712 $aGiappichelli$3SUNV000045$4650 801 $aIT$bSOL$c20200713$gRICA 912 $aSUN0129944 950 $aUFFICIO DI BIBLIOTECA DEL DIPARTIMENTO DI GIURISPRUDENZA$d00CONS VIII.El.236 $e00UBG5323 20200708 996 $aAutonomia differenziata delle Regioni a statuto ordinario$91734810 997 $aUNICAMPANIA LEADER 01615nam a2200361 i 4500 001 991001711839707536 008 060621s2006 riua b 110 0 eng d 020 $a0821838555 035 $ab13415402-39ule_inst 040 $aDip.to Matematica$beng 082 0 $a515.93$222 084 $aAMS 00B25 084 $aAMS 30F10 084 $aAMS 14H30 084 $aLC QA333.I24 111 2 $aIberoamerican Congress on Geometry$n<3. ;$d2004 ;$cSalamanca, Spain>$0623795 245 14$aThe geometry of Riemann surfaces and Abelian varieties :$bIII Iberoamerican Congress on Geometry in honor of Professor Sevín Recillas-Pishmish's 60th birthday, June 8-12, 2004, Salamanca, Spain /$cJosé M. Muñoz Porras, Sorin Popescu, Rubí E. Rodríguez, editors 260 $aProvidence, R. I. :$bAmerican Mathematical Society,$cc2006 300 $ax, 236 p. :$bill. ;$c26 cm 440 0$aContemporary mathematics,$x0271-4132 ;$v397 504 $aIncludes bibliographical references 650 0$aRiemann surfaces$vCongresses 650 0$aAbelian groups$vCongresses 700 1 $aMuñoz Porras, Jose M. 700 1 $aPopescu, Sorin$eauthor$4http://id.loc.gov/vocabulary/relators/aut$0738293 700 1 $aRodríguez, Rubí E. 700 1 $aRecillas-Pishmish, Sevín 907 $a.b13415402$b02-04-14$c21-06-06 912 $a991001711839707536 945 $aLE013 00B MUN11 (2006)$g1$i2013000202921$lle013$op$pE58.94$q-$rl$s- $t0$u0$v0$w0$x0$y.i14266647$z12-07-06 996 $aGeometry of Riemann surfaces and Abelian varieties$91462232 997 $aUNISALENTO 998 $ale013$b21-06-06$cm$da $e-$feng$griu$h4$i0